000 00647nam a22001937a 4500
005 20251108164953.0
008 250721s1992 xx 000 0 ara d
082 1 4 _a657.4/مجد
100 1 _aعمارة، مجدي
245 1 0 _aدراسات منهجية معاصرة في محاسبة التكاليف الفعلية /
264 1 _aغريان :
_bجامعة الجبل العربي - كلية المحاسبة،
_c1992.
300 _a684ص
650 1 7 _aالمحاسبة
650 1 7 _aمحاسبة التكاليف
700 1 _aخليفة، ميلود
700 1 _aالسحيري، الهادي
942 _2ddc
_cBK
999 _c18728
_d18728